00419nam a22001337a 450000500170000000800410001704100130005808200130007110000130008424500450009726000870014230000300022965000260025920240507141248.0240507b |||||||| |||| 00| 0 eng d aEnglish  a349 LAW  lEnglish  aThe Law Reports: Queen's Bench Division  aLondon: bThe Incorporated Council of Law Reporting for England and Wales, c1960  bxxv, 692 pages; c25 cm.  aLegal practice bLaw